00459nam a2200169 a 450000100060000000300090000600800410001502000150005604000280007108200170009910000400011624500360015626000300019230000160022265000260023865000250026412444CO-ViMGA141112s2004 ck r 000 u spa d a8485945697 aCO-ViMGAbspacCO-ViMGA04a796.355 M17j1 aMartinez, de Dios Maria del Carmen 10aJugar y disfrutar con el Hockey aMadrid : bGymnos, c1995 a171p. : il.14aDEPORTES PARA NIÑOS14aHOCKEY - ENSEÑANZA